书目信息 |
| 题名: |
江苹工笔花鸟画作品选
|
|
| 作者: | 江苹 绘 | |
| 分册: | ||
| 出版信息: | 天津 天津杨柳青画社 2006.06 |
|
| 页数: | 33页 | |
| 开本: | 29×29cm | |
| 丛书名: | 中国画精品系列丛书 | |
| 单 册: | ||
| 中图分类: | J222.7 | |
| 科图分类: | ||
| 主题词: | 工笔画--gong bi hua--花鸟画--中国--现代--画册 | |
| 电子资源: | ||
| ISBN: | 7-80738-108-6 | |
| 000 | 00868nam 2200253 450 | |
| 001 | 012006968905 | |
| 005 | 20070611152742.95 | |
| 010 | @a7-80738-108-6@dCNY32.00 | |
| 100 | @a20061211d2006 km y0chiy0120 ea | |
| 101 | 0 | @achi |
| 102 | @aCN@b120000 | |
| 105 | @aac z 000yy | |
| 200 | 1 | @a江苹工笔花鸟画作品选@Ajiang ping gong bi hua niao hua zuo pin xuan |
| 210 | @a天津@c天津杨柳青画社@d2006.06 | |
| 215 | @a33页@c图, 肖像@d29×29cm | |
| 225 | 2 | @a中国画精品系列丛书@Azhong guo hua jing pin xi lie cong shu |
| 314 | @a责任者取自CIP数据 | |
| 330 | @a本书画面色彩艳丽,造型生动有趣,为了帮助美术爱好者更好的掌握画工笔鸟的方法,选用30余幅作品。 | |
| 410 | 0 | @12001 @a中国画精品系列丛书 |
| 606 | 0 | @a工笔画@Agong bi hua@x花鸟画@y中国@z现代@j画册 |
| 690 | @aJ222.7@v4 | |
| 701 | 0 | @a江苹@Ajiang ping@4绘 |
| 801 | 0 | @aCN@c20070611 |
| 905 | @a10447@dJ222.7@eJ362 | |
| 江苹工笔花鸟画作品选.-天津:天津杨柳青画社,2006.06 |
| 33页:图, 肖像;29×29cm.-(中国画精品系列丛书) |
| ISBN 7-80738-108-6:CNY32.00 |
| 本书画面色彩艳丽,造型生动有趣,为了帮助美术爱好者更好的掌握画工笔鸟的方法,选用30余幅作品。 |
| ● |
| 相关链接 |
|
|
|
正题名:江苹工笔花鸟画作品选
索取号:J222.7/J362
 
预约/预借
| 序号 | 登录号 | 条形码 | 馆藏地/架位号 | 状态 | 备注 |
| 1 | 230376 | 202303765 | 社科库309/309社科库 997排2列2层/ [索取号:J222.7/J362] | 在馆 | |
| 2 | 230377 | 202303774 | 社科库309/309社科库 997排2列2层/ [索取号:J222.7/J362] | 在馆 | |
| 3 | 230378 | 202303783 | 社科库309/309社科库 997排2列2层/ [索取号:J222.7/J362] | 在馆 |